Scientific analysis in archaeology and its interpretation

Αποθηκεύτηκε σε:
Λεπτομέρειες βιβλιογραφικής εγγραφής
Συλλογικό Έργο: University of Oxford Commitee for Archaeology, UCLA Institute of Archaeology
Άλλοι συγγραφείς: Henderson, Julian, 1953- (Επιμελητής έκδοσης)
Μορφή: Βιβλίο
Γλώσσα:English
Δημοσίευση: Oxford : Oxford University Commitee for Arcaeology : UCLA Institute of Archaeology, Archaeological Research Tolls, 1989.
Σειρά:Monograph (University of Oxford. Committee for Archaeology) 19
Θέματα:
Ετικέτες: Προσθήκη ετικέτας
Δεν υπάρχουν, Καταχωρήστε ετικέτα πρώτοι!

MARC

LEADER 00000cam a2200000 i 4500
001 1/553
008 000404s1989 enk| ||| |||| ||eng |
020 |a 0917956664 
035 |l 10059702 
040 |a GR-MyUa  |b gre  |e AACR2 
041 0 |a eng 
082 7 |a 930.1028   |2 (22) 
245 0 0 |a Scientific analysis in archaeology and its interpretation /   |c edited by Julian Henderson. 
260 |a Oxford :   |b Oxford University Commitee for Arcaeology :   |b UCLA Institute of Archaeology, Archaeological Research Tolls,   |c 1989. 
300 |a 311 σ. ;   |c 24 εκ. 
490 1 |a (Monograph / University of Oxford. Committee for Archaeology ;   |v 19) 
650 0 0 |a Archaeology  |x Methodology. 
650 0 0 |a Antiquities  |x Analysis. 
700 1 |a Henderson, Julian,   |d 1953-  |e edt 
710 2 |a University of Oxford  |b Commitee for Archaeology. 
710 2 |a UCLA Institute of Archaeology. 
830 0 |a Monograph (University of Oxford. Committee for Archaeology)  |v 19 
852 |a INST  |b RHODES  |e 20000404  |h 930.1028 SCI  |p 005400013678  |q 005400013678  |t BK  |y 0 
901 |a BIBL4-2000-1 
922 |a 4ΔΩΡ  |b 200003  |c ΔΩΡΕΑ/ΜΣ 
970 |a ΚΟΥΛΑΚΙΟΤΗ  |b ΛΙΤΣΑ  |z 2000/04/04